[Event "BAN-chT Walton (Women)"]
[Site "Dhaka"]
[Date "2023.03.23"]
[Round "2"]
[White "Nusrat Jahan, Alo"]
[Black "Nazmin, Akter"]
[Result "1-0"]
[WhiteElo "1787"]
[BlackElo "1258"]
[PlyCount "105"]
[EventDate "2023.03.22"]
[EventType "team-tourn"]
[EventRounds "7"]
[EventCountry "BAN"]
[SourceTitle "CBM 213 Extra"]
[Source "ChessBase"]
[SourceDate "2023.05.31"]
[SourceVersion "1"]
[SourceVersionDate "2023.05.31"]
[SourceQuality "1"]
[WhiteTeam "Bangladesh Police (W)"]
[BlackTeam "Uttara Cenrtal CC (W)"]
[WhiteTeamCountry "BAN"]
[BlackTeamCountry "BAN"]

1. e4 e5 2. Nf3 d6 3. d4 exd4 4. Nxd4 Nf6 5. Nc3 c6 6. Be2 h6 7. 0-0 Be7 8. Re1 0-0 9. Bf4 Re8 10. Bf3 Nbd7 11. Nf5 Ne5 12. Nxe7+ Qxe7 13. Be2 Rd8 14. Bd3 Bg4 15. f3 Bh5 16. Qd2 Bg6 17. h3 Nh5 18. Bh2 Nf6 19. f4 Nxd3 20. cxd3 Ne8 21. Qf2 Qd7 22. d4 b5 23. d5 c5 24. b3 Qb7 25. f5 Bh7 26. Rad1 Rac8 27. Qf3 a5 28. e5 dxe5 29. Rxe5 Nf6 30. d6 Qxf3 31. gxf3 Rd7 32. Nxb5 c4 33. Rc1 c3 34. Rxc3 Rb8 35. a4 Kf8 36. Re7 Bxf5 37. Kg2 Be6 38. Nd4 Nd5 39. Nxe6+ fxe6 40. Rxd7 Nxc3 41. Be5 Nd5 42. Bxg7+ Kg8 43. Bxh6 Re8 44. Ra7 Rd8 45. d7 Kf7 46. Bg5 Nf6 47. Bxf6 Kxf6 48. h4 Kg6 49. Kh3 e5 50. Kg4 Kh6 51. Rxa5 Rxd7 52. Rxe5 Rd4+ 53. Re4 1-0

[Event "BAN-chT Walton (Women)"]
[Site "Dhaka"]
[Date "2023.03.22"]
[Round "1"]
[White "Nazmin, Akter"]
[Black "Sidratul, Muntaha"]
[Result "1-0"]
[WhiteElo "1258"]
[BlackElo "1186"]
[PlyCount "87"]
[EventDate "2023.03.22"]
[EventType "team-tourn"]
[EventRounds "7"]
[EventCountry "BAN"]
[SourceTitle "CBM 213 Extra"]
[Source "ChessBase"]
[SourceDate "2023.05.31"]
[SourceVersion "1"]
[SourceVersionDate "2023.05.31"]
[SourceQuality "1"]
[WhiteTeam "Uttara Cenrtal CC (W)"]
[BlackTeam "Team Barisal (W)"]
[WhiteTeamCountry "BAN"]
[BlackTeamCountry "BAN"]

1. d4 d5 2. Nf3 Nf6 3. h3 Nc6 4. c3 e6 5. g3 h6 6. Bg2 Bd6 7. Nbd2 Qe7 8. Nb3 e5 9. dxe5 Nxe5 10. Nxe5 Qxe5 11. Nd4 a6 12. a4 0-0 13. 0-0 Qe7 14. Re1 c5 15. Nf3 Ne4 16. Qxd5 Nf6 17. Qd1 Be6 18. e4 Bc7 19. Qc2 b6 20. Nh4 Rfe8 21. f4 g6 22. Be3 c4 23. Bf2 Qd7 24. Kh2 Qc8 25. Nf3 Nd7 26. Nd4 Nc5 27. f5 gxf5 28. Nxf5 Nd3 29. Re2 Bxf5 30. exf5 Qxf5 31. Bxa8 Rxe2 32. Qxe2 Ne5 33. Bd4 Nd3 34. Qe8+ Kh7 35. Be4 Qg6 36. Bxg6+ Kxg6 37. Qg8+ Kf5 38. Qxf7+ Ke4 39. Qxc7 b5 40. axb5 axb5 41. Qc6+ Kf5 42. Rf1+ Kg5 43. Qf6+ Kh5 44. g4# 1-0

[Event "Dhaka Laila Alam op 13th"]
[Site "Dhaka"]
[Date "2023.02.08"]
[Round "2"]
[White "Nazmin, Akter"]
[Black "Jannatul, Ferdous"]
[Result "0-1"]
[WhiteElo "1251"]
[BlackElo "1762"]
[PlyCount "96"]
[EventDate "2023.02.07"]
[EventType "swiss"]
[EventRounds "7"]
[EventCountry "BAN"]
[SourceTitle "EXT 2024"]
[Source "ChessBase"]
[SourceDate "2023.10.10"]
[SourceVersion "1"]
[SourceVersionDate "2023.10.10"]
[SourceQuality "1"]

1. d4 d5 2. Nc3 Nf6 3. h3 e6 4. g3 c5 5. Bg2 cxd4 6. Qxd4 Nc6 7. Qd1 Bc5 8. e3 b6 9. Nge2 0-0 10. 0-0 Ba6 11. Na4 Bd6 12. Nac3 Rc8 13. Re1 Qc7 14. Nf4 Na5 15. Nfe2 Bb4 16. a3 Bxe2 17. Rxe2 Bxc3 18. bxc3 Qxc3 19. Rb1 Nc4 20. Rb3 Qe5 21. Re1 Rfd8 22. f4 Qc7 23. Kh2 Qc5 24. Qf3 Na5 25. Rb2 Qxa3 26. Rxb6 Qc3 27. Bb2 Qxe1 28. Bxf6 gxf6 29. Ra6 Rd7 30. f5 e5 31. Rxf6 Qb4 32. Rh6 Qf8 33. Qh5 f6 34. g4 Rxc2 35. g5 fxg5 36. f6 Kh8 37. Kg1 Qg8 38. Qg4 Rc1+ 39. Kh2 Rcc7 40. Rh5 e4 41. Rxg5 Qf8 42. Qf4 Qd6 43. Rf5 Qxf4+ 44. Rxf4 Nc4 45. h4 Nxe3 46. Bh3 Rf7 47. Be6 Rf8 48. Kg3 Rc6 0-1

[Event "BAN-ch (Women)"]
[Site "Dhaka"]
[Date "2021.12.30"]
[Round "2"]
[White "Nusrat Jahan, Alo"]
[Black "Nazmin, Akter"]
[Result "1-0"]
[WhiteElo "1766"]
[BlackElo "1231"]
[PlyCount "25"]
[EventDate "2021.12.29"]
[EventType "swiss"]
[EventRounds "11"]
[EventCountry "BAN"]
[SourceTitle "EXT 2023"]
[Source "ChessBase"]
[SourceDate "2022.10.05"]
[SourceVersion "1"]
[SourceVersionDate "2022.10.05"]
[SourceQuality "1"]

1. e4 e5 2. Nf3 d6 3. d4 Bg4 4. dxe5 Bxf3 5. Qxf3 dxe5 6. Bc4 Qe7 7. 0-0 h6 8. b3 g6 9. Ba3 c5 10. Rd1 Nf6 11. Bxc5 Qxc5 12. Qxf6 Qe7 13. Qxh8 1-0

[Event "BAN-chT (Women)"]
[Site "Dhaka"]
[Date "2021.09.11"]
[Round "4.4"]
[White "Nazmin, Akter"]
[Black "Kazi Zarin, Tasnim"]
[Result "0-1"]
[WhiteElo "1213"]
[BlackElo "1822"]
[PlyCount "64"]
[EventDate "2021.09.08"]
[EventType "team-tourn"]
[EventRounds "9"]
[EventCountry "BAN"]
[SourceTitle "CBM 204 Extra"]
[Source "ChessBase"]
[SourceDate "2021.11.30"]
[SourceVersion "1"]
[SourceVersionDate "2021.11.30"]
[SourceQuality "1"]
[WhiteTeam "Sheikh Russel (W)"]
[BlackTeam "Bangladesh Navy (W)"]
[WhiteTeamCountry "BAN"]
[BlackTeamCountry "BAN"]

1. d4 d5 2. c3 Nf6 3. Nf3 e6 4. g3 b6 5. Bg2 Bb7 6. Nbd2 Nbd7 7. Nb3 Bd6 8. Bg5 h6 9. Bxf6 Qxf6 10. Qc2 Rc8 11. Qd3 0-0 12. 0-0 c5 13. dxc5 Nxc5 14. Nxc5 bxc5 15. Rfd1 e5 16. Nd2 e4 17. Qc2 c4 18. e3 Bc6 19. a4 Bd7 20. Nb1 Rfd8 21. Na3 a6 22. Qd2 Bf5 23. Nc2 Rb8 24. Qc1 Rb7 25. Nd4 Bd7 26. Qc2 h5 27. h4 g5 28. Kh2 gxh4 29. Rh1 hxg3+ 30. fxg3 Qh4+ 31. Kg1 Qxg3 32. Rxh5 Qxe3+ 0-1

[Event "Dhaka rapid (Women) op"]
[Site "Dhaka"]
[Date "2021.03.08"]
[Round "1"]
[White "Nazmin, Akter"]
[Black "Ahmed, Walijah"]
[Result "0-1"]
[WhiteElo "1213"]
[BlackElo "1716"]
[PlyCount "128"]
[EventDate "2021.03.08"]
[EventType "swiss (rapid)"]
[EventRounds "7"]
[EventCountry "BAN"]
[SourceTitle "CBM 201 Extra"]
[Source "ChessBase"]
[SourceDate "2021.05.31"]
[SourceVersion "1"]
[SourceVersionDate "2021.05.31"]
[SourceQuality "1"]

1. d4 d5 2. c3 e6 3. Nf3 c5 4. dxc5 Bxc5 5. e3 Nf6 6. Nd4 Bd7 7. Be2 0-0 8. 0-0 a6 9. Bf3 Nc6 10. a3 Ne5 11. Be2 Rc8 12. Nf3 Nc4 13. Nd4 Qb6 14. b4 Be7 15. Qc2 Ne4 16. Bf3 Ned6 17. g3 Bf6 18. Bg2 Nb5 19. Nxb5 axb5 20. Ra2 Rc7 21. Re1 Rfc8 22. Qd3 g6 23. Rc2 h5 24. h4 Ra8 25. Ree2 Kg7 26. Kh2 Qd6 27. Kg1 Nb6 28. Red2 Nc4 29. Re2 Ne5 30. Qd2 Bc6 31. f4 Nc4 32. Qd3 Rd7 33. Kh2 Qc7 34. Re1 Nd6 35. Bd2 Ne4 36. Re2 Qd8 37. Be1 Nd6 38. Bf2 Ra6 39. Ra2 Rc7 40. Rec2 Qc8 41. Be1 Bd7 42. Bd2 Qa8 43. Kg1 Ne4 44. Be1 Qc8 45. Kh2 Rac6 46. Bf3 Nxc3 47. Nxc3 Bxc3 48. Bxc3+ Rxc3 49. Rxc3 Rxc3 50. Qd4+ Kg8 51. Bg2 Rc4 52. Qd3 b6 53. Bf3 Bc6 54. Kg2 d4 55. Bxc6 Qxc6+ 56. e4 f5 57. Kh3 fxe4 58. Qe2 Qd5 59. a4 d3 60. Qe3 Qd4 61. Qd2 e3 62. Qb2 Qxb2 63. Rxb2 d2 64. Rb1 e2 0-1

[Event "Dhaka (Women) op 10th"]
[Site "Dhaka"]
[Date "2019.01.28"]
[Round "2"]
[White "Ahmed, Walijah"]
[Black "Nazmin, Akter"]
[Result "1-0"]
[WhiteElo "1577"]
[BlackElo "1223"]
[PlyCount "51"]
[EventDate "2019.01.27"]
[EventType "swiss"]
[EventRounds "7"]
[EventCountry "BAN"]
[SourceTitle "CBM 189 Extra"]
[Source "ChessBase"]
[SourceDate "2019.06.03"]
[SourceVersion "1"]
[SourceVersionDate "2019.06.03"]
[SourceQuality "1"]

1. e4 e5 2. Nf3 d6 3. c3 Nf6 4. d4 exd4 5. cxd4 Nxe4 6. Qe2 d5 7. Nc3 Bb4 8. Qc2 0-0 9. Bd3 Nf6 10. 0-0 Nbd7 11. Bg5 c6 12. Bxh7+ Kh8 13. Bd3 Be7 14. Rfe1 Re8 15. h3 Nf8 16. Ne5 Kg8 17. Re3 N8h7 18. Bf4 Nf8 19. Rae1 Be6 20. Qe2 g6 21. Bh6 N6h7 22. Nxg6 Nxg6 23. Bxg6 Bg5 24. Rxe6 Rxe6 25. Bxf7+ Kxf7 26. Qxe6# 1-0

[Event "BAN-ch (Women) 38th"]
[Site "Dhaka"]
[Date "2018.08.10"]
[Round "3"]
[White "Nazmin, Akter"]
[Black "Kazi Zarin, Tasnim"]
[Result "0-1"]
[WhiteElo "1241"]
[BlackElo "1539"]
[PlyCount "96"]
[EventDate "2018.08.08"]
[EventType "swiss"]
[EventRounds "9"]
[EventCountry "BAN"]
[SourceTitle "EXT 2019"]
[Source "ChessBase"]
[SourceDate "2018.10.10"]
[SourceVersion "1"]
[SourceVersionDate "2018.10.10"]
[SourceQuality "1"]

1. e4 e5 2. Nf3 Nc6 3. g3 Bc5 4. Bg2 d6 5. c3 Nf6 6. d3 h6 7. h3 0-0 8. 0-0 Re8 9. Nbd2 a6 10. Nb3 Bb6 11. Re1 Bd7 12. d4 exd4 13. Nbxd4 Nxd4 14. Nxd4 Qc8 15. g4 Re7 16. Nf5 Bxf5 17. exf5 Rd7 18. Bf4 c6 19. Qc2 d5 20. Be5 Qd8 21. Qb3 Bc7 22. Bxf6 Qxf6 23. Qxb7 Bh2+ 24. Kxh2 Rxb7 25. Re2 Rab8 26. b3 Qxc3 27. Rae1 d4 28. Rd1 a5 29. Red2 Rd7 30. Rd3 Qc5 31. Kg1 a4 32. bxa4 Ra8 33. Kh1 Rxa4 34. R1d2 Ra3 35. Rxa3 Qxa3 36. Kh2 d3 37. Be4 Rd4 38. f3 Qc1 39. Rxd3 Rxd3 40. Bxd3 Qd2+ 41. Kg3 Qxd3 42. a4 c5 43. a5 c4 44. a6 Qd6+ 45. Kf2 Qxa6 46. Ke3 Qd6 47. Ke4 f6 48. h4 Qe5# 0-1